Einführung in die deutsche Fachsprache der Betriebswirtschaft III. Absatzplanung und Marketing - ausgewählte Problembereiche

Guardado en:
Detalles Bibliográficos
Autor principal: Laurenčíková, Erika
Autor Corporativo: Ekonomická univerzita v Bratislave. Ústav jazykov
Formato: Libro
Lenguaje:alemán
eslovaco
Publicado: Bratislava Vydavateľstvo Ekonóm 1998
Materias:
Etiquetas: Agregar Etiqueta
Sin Etiquetas, Sea el primero en etiquetar este registro!

MARC

LEADER 00000nam a2200000 4500
001 c101201
005 20221123132655.7
020 |a 80-225-0977-9 
041 0 |a ger 
041 0 |a slo 
044 |a SK 
245 1 0 |a Einführung in die deutsche Fachsprache der Betriebswirtschaft  |b III. Absatzplanung und Marketing - ausgewählte Problembereiche  |c Erika Laurenčíková 
264 1 |a Bratislava  |b Vydavateľstvo Ekonóm  |c 1998 
300 |a 67 s. 
610 2 0 |a jazykoveda 
610 2 0 |a hospodárstvo podnikové 
610 2 0 |a terminológia 
610 2 0 |a jazyky cudzie 
100 1 |a Laurenčíková, Erika 
710 2 |a Ekonomická univerzita v Bratislave. Ústav jazykov